[Event "AUT-ch U12 Girls Online Blitz"]
[Site "Playchess.com INT"]
[Date "2020.12.11"]
[Round "5"]
[White "Busta, Luisa"]
[Black "Antenreiter, Lena"]
[Result "1-0"]
[WhiteElo "1547"]
[BlackElo "1501"]
[PlyCount "59"]
[EventDate "2020.12.11"]
[EventType "swiss (blitz)"]
[EventRounds "7"]
[EventCountry "AUT"]
[SourceTitle "EXT 2022"]
[Source "ChessBase"]
[SourceDate "2021.10.06"]
[SourceVersion "1"]
[SourceVersionDate "2021.10.06"]
[SourceQuality "1"]

1. c4 e5 2. d3 Nf6 3. g3 d5 4. cxd5 Nxd5 5. Bg2 Be6 6. Nc3 Bb4 7. Bd2 Nc6 8. a3 Bxc3 9. Bxc3 Qd7 10. Nf3 f6 11. 0-0 0-0-0 12. Rc1 Bh3 13. b4 a6 14. e4 Nxc3 15. Rxc3 h5 16. Qa4 g5 17. b5 Nd4 18. Nxd4 Bxg2 19. Kxg2 Qxd4 20. Qxd4 Rxd4 21. bxa6 bxa6 22. Rfc1 Rh7 23. Kf3 g4+ 24. Ke3 Rhd7 25. Rd1 Ra4 26. Ra1 Rad4 27. Rd1 Rd8 28. Rc6 R8d7 29. Rxa6 Kb7 30. Rxf6 1-0

[Event "AUT-ch U12 Girls Online Blitz"]
[Site "Playchess.com INT"]
[Date "2020.12.11"]
[Round "4"]
[White "Busta, Luisa"]
[Black "Wurm, Emily"]
[Result "1-0"]
[WhiteElo "1533"]
[BlackElo "1460"]
[PlyCount "119"]
[EventDate "2020.12.11"]
[EventType "swiss (blitz)"]
[EventRounds "7"]
[EventCountry "AUT"]
[SourceTitle "EXT 2022"]
[Source "ChessBase"]
[SourceDate "2021.10.06"]
[SourceVersion "1"]
[SourceVersionDate "2021.10.06"]
[SourceQuality "1"]

1. c4 e5 2. d3 Nc6 3. g3 Nf6 4. Bg2 Bc5 5. Nc3 d6 6. Nf3 Bf5 7. 0-0 0-0 8. Bg5 h6 9. Bxf6 Qxf6 10. Nd5 Qd8 11. a3 Be6 12. Rb1 a6 13. Nc3 Qf6 14. Nd5 Bxd5 15. cxd5 Nd4 16. Nxd4 Bxd4 17. e3 Bb6 18. b4 Rfe8 19. a4 a5 20. bxa5 Rxa5 21. Rb5 Rxb5 22. axb5 c5 23. bxc6 bxc6 24. dxc6 Rc8 25. Qb3 Bc5 26. Qb7 Qd8 27. Qd7 Qxd7 28. cxd7 Rd8 29. Bc6 Kh7 30. Ra1 Bb6 31. Ra8 Rxa8 32. Bxa8 Kg6 33. Kg2 Kf5 34. Kf3 Bd8 35. e4+ Ke6 36. Bc6 Ke7 37. Kg4 f6 38. f4 g5 39. fxg5 hxg5 40. h4 gxh4 41. Kxh4 Ke6 42. Kg4 f5+ 43. exf5+ Ke7 44. Kg5 Kf7+ 45. Kh6 Kf6 46. g4 d5 47. Bxd5 Ke7 48. Be6 Kd6 49. g5 Kc5 50. g6 Kd4 51. g7 Kxd3 52. g8Q Be7 53. d8Q+ Bxd8 54. Qxd8+ Ke3 55. Qd5 Kf4 56. f6 e4 57. f7 e3 58. f8Q+ Kg3 59. Qff3+ Kh2 60. Qg5 1-0

[Event "AUT-ch U12 Girls Online Blitz"]
[Site "Playchess.com INT"]
[Date "2020.12.11"]
[Round "3"]
[White "Ramirez Gaviria, Maya"]
[Black "Busta, Luisa"]
[Result "0-1"]
[WhiteElo "1620"]
[BlackElo "1511"]
[PlyCount "74"]
[EventDate "2020.12.11"]
[EventType "swiss (blitz)"]
[EventRounds "7"]
[EventCountry "AUT"]
[SourceTitle "EXT 2022"]
[Source "ChessBase"]
[SourceDate "2021.10.06"]
[SourceVersion "1"]
[SourceVersionDate "2021.10.06"]
[SourceQuality "1"]

1. e4 c5 2. Nf3 d6 3. Nc3 g6 4. Bc4 Bg7 5. d3 Nf6 6. Bg5 0-0 7. 0-0 Nc6 8. Qe2 Bg4 9. h3 Be6 10. b3 Bxc4 11. dxc4 h6 12. Bh4 Qd7 13. a4 a6 14. Rad1 e6 15. e5 Ne8 16. exd6 Nxd6 17. Bg3 Nd4 18. Nxd4 cxd4 19. Ne4 Nxe4 20. Qxe4 Rad8 21. Be5 Bxe5 22. Qxe5 Qd6 23. Qf6 Rd7 24. Rd3 Rfd8 25. Rfd1 b6 26. c3 e5 27. cxd4 Qxf6 28. dxe5 Rxd3 29. exf6 Rxd1+ 30. Kh2 R8d6 31. g3 Rxf6 32. Kg2 Rd2 33. b4 Rfxf2+ 34. Kg1 Rfe2 35. Kf1 Ra2 36. b5 Reb2 37. Ke1 Rb1# 0-1

[Event "AUT-ch Vor1 Internet (Women)"]
[Site "Playchess.com INT"]
[Date "2020.05.30"]
[Round "4"]
[White "Busta, Luisa"]
[Black "Kordzadze, Nino"]
[Result "0-1"]
[WhiteElo "944"]
[BlackElo "2015"]
[PlyCount "104"]
[EventDate "2020.05.30"]
[EventType "swiss (blitz)"]
[EventRounds "9"]
[EventCountry "AUT"]
[SourceTitle "CBM 196 Extra"]
[Source "ChessBase"]
[SourceDate "2020.07.31"]
[SourceVersion "1"]
[SourceVersionDate "2020.07.31"]
[SourceQuality "1"]

1. c4 e6 2. d3 f5 3. g3 Nf6 4. Bg2 Be7 5. Nf3 0-0 6. Nc3 d6 7. 0-0 Nc6 8. Bg5 h6 9. Be3 d5 10. cxd5 exd5 11. Nh4 d4 12. Bxc6 bxc6 13. Qb3+ Kh7 14. Bxh6 gxh6 15. Nd1 Qd5 16. Qc2 c5 17. f3 Bb7 18. Nf2 Nh5 19. Ng2 Rg8 20. Qd2 Bg5 21. Qd1 Be3 22. Nxe3 dxe3 23. Nh3 Qe5 24. Qe1 Rg7 25. Rc1 Rag8 26. Qc3 Qd6 27. Qxc5 Qxc5 28. Rxc5 Bc8 29. Kh1 f4 30. Rxh5 fxg3 31. hxg3 Rxg3 32. Rg1 Rxh3+ 33. Rxh3 Bxh3 34. Rxg8 Kxg8 35. Kh2 Bf1 36. Kg3 Bxe2 37. Kf4 Bxd3 38. Kxe3 Bb1 39. a3 h5 40. b4 h4 41. Kf4 h3 42. Kg3 Bf5 43. f4 Kf7 44. a4 Ke6 45. a5 Kd6 46. b5 Kc5 47. b6 cxb6 48. axb6 Kxb6 49. Kh4 h2 50. Kg5 Bd3 51. f5 Bxf5 52. Kxf5 h1Q 0-1

[Event "AUT-ch Vor1 Internet (Women)"]
[Site "Playchess.com INT"]
[Date "2020.05.30"]
[Round "7"]
[White "Steger, Vanessa"]
[Black "Busta, Luisa"]
[Result "0-1"]
[WhiteElo "800"]
[BlackElo "944"]
[PlyCount "82"]
[EventDate "2020.05.30"]
[EventType "swiss (blitz)"]
[EventRounds "9"]
[EventCountry "AUT"]
[SourceTitle "CBM 196 Extra"]
[Source "ChessBase"]
[SourceDate "2020.07.31"]
[SourceVersion "1"]
[SourceVersionDate "2020.07.31"]
[SourceQuality "1"]

1. e4 c5 2. Nf3 d6 3. Bc4 g6 4. Nc3 Bg7 5. Ng5 e6 6. 0-0 Qxg5 7. d4 cxd4 8. Bxg5 dxc3 9. bxc3 d5 10. Bb5+ Bd7 11. c4 dxc4 12. Bxd7+ Nxd7 13. Rb1 b6 14. Rb4 f6 15. Bh4 Rc8 16. a4 a5 17. Rb5 Ne7 18. c3 Nc6 19. f4 Na7 20. Rb2 Rd8 21. Rd2 Ke7 22. Rd4 Nc6 23. Rd6 Ndb8 24. e5 h6 25. exf6+ Bxf6 26. g3 g5 27. fxg5 hxg5 28. Bxg5 Bxg5 29. Re1 Rxd6 30. Qg4 Bf6 31. Qf3 Rf8 32. g4 Bd4+ 33. Kg2 Rxf3 34. Kxf3 Bxc3 35. Kf4 Bxe1 36. Kf3 Bc3 37. Kf4 Nb4 38. Kf3 Rd3+ 39. Kf4 Nd5+ 40. Ke4 Nd7 41. g5 Nc5# 0-1

[Event "AUT-ch U10 Girls"]
[Site "St Kanzian"]
[Date "2019.06.22"]
[Round "5"]
[White "Wiedner, Leticia"]
[Black "Busta, Luisa"]
[Result "1-0"]
[WhiteElo "911"]
[BlackElo "1038"]
[PlyCount "91"]
[EventDate "2019.06.21"]
[EventType "swiss"]
[EventRounds "7"]
[EventCountry "AUT"]
[SourceTitle "CBM 191 Extra"]
[Source "ChessBase"]
[SourceDate "2019.09.30"]
[SourceVersion "1"]
[SourceVersionDate "2019.09.30"]
[SourceQuality "1"]

1. d4 g6 2. Nc3 Bg7 3. Nf3 Nf6 4. Bg5 0-0 5. g3 d6 6. Bg2 Nc6 7. 0-0 Bg4 8. e4 h6 9. Bxf6 Bxf6 10. Re1 Bg7 11. Qd2 Bxf3 12. Bxf3 e5 13. dxe5 Nxe5 14. Bg2 Nc4 15. Qc1 Qg5 16. f4 Qc5+ 17. Kh1 Qf2 18. Rf1 Qd4 19. Nb5 Qxb2 20. Nxc7 Qxc1 21. Raxc1 Rac8 22. Nb5 Ne3 23. Nxa7 Nxf1 24. Nxc8 Nxg3+ 25. hxg3 Rxc8 26. e5 dxe5 27. Bxb7 Rb8 28. Be4 exf4 29. gxf4 h5 30. f5 Bh6 31. Rd1 gxf5 32. Bxf5 Rb2 33. Rd8+ Kg7 34. Rd6 Rb1+ 35. Kg2 Bf4 36. Rc6 Rd1 37. a4 Rd2+ 38. Kf3 Be5 39. a5 Bd4 40. Rd6 Bc3 41. Rxd2 Bxd2 42. a6 Kf6 43. a7 Kxf5 44. a8Q Bf4 45. Qe4+ Kg5 46. Qxf4+ 1-0

[Event "AUT-ch U10 Girls"]
[Site "St Kanzian"]
[Date "2018.06.02"]
[Round "4.2"]
[White "Busta, Luisa"]
[Black "Handrich, Carmina"]
[Result "1-0"]
[WhiteElo "872"]
[BlackElo "912"]
[PlyCount "77"]
[EventDate "2018.06.01"]
[EventType "swiss"]
[EventRounds "7"]
[EventCountry "AUT"]
[SourceTitle "EXT 2024"]
[Source "ChessBase"]
[SourceDate "2023.10.10"]
[SourceVersion "1"]
[SourceVersionDate "2023.10.10"]
[SourceQuality "1"]

1. c4 e5 2. d3 Nc6 3. Nf3 Bb4+ 4. Nbd2 Nf6 5. a3 Be7 6. g3 d6 7. Bg2 Bd7 8. 0-0 0-0 9. b4 d5 10. cxd5 Nxd5 11. Bb2 Bf6 12. Ne1 Be6 13. e4 Nb6 14. Ndf3 Bg4 15. Rc1 Qd7 16. b5 Nd4 17. Bxd4 exd4 18. Qc2 Rac8 19. e5 Be7 20. a4 c6 21. a5 Na8 22. bxc6 bxc6 23. Qc4 Bxf3 24. Bxf3 c5 25. Rb1 Rb8 26. Rxb8 Rxb8 27. Bh5 Rf8 28. Nf3 Nc7 29. Rb1 Ne6 30. a6 h6 31. Rb7 Qd8 32. Rxa7 g6 33. Bxg6 Qb6 34. Rxe7 fxg6 35. Qxe6+ Qxe6 36. Rxe6 Rxf3 37. a7 Kf7 38. a8Q Kxe6 39. Qxf3 1-0

[Event "AUT-ch U10 Girls"]
[Site "St Kanzian"]
[Date "2018.06.02"]
[Round "5.1"]
[White "Giselbrecht, Leefke"]
[Black "Busta, Luisa"]
[Result "0-1"]
[WhiteElo "1085"]
[BlackElo "872"]
[PlyCount "74"]
[EventDate "2018.06.01"]
[EventType "swiss"]
[EventRounds "7"]
[EventCountry "AUT"]
[SourceTitle "EXT 2024"]
[Source "ChessBase"]
[SourceDate "2023.10.10"]
[SourceVersion "1"]
[SourceVersionDate "2023.10.10"]
[SourceQuality "1"]

1. e4 c5 2. Nc3 d6 3. g3 g6 4. Bg2 Nf6 5. d3 Bg7 6. Be3 0-0 7. Nf3 Nc6 8. 0-0 Bg4 9. Qd2 Bxf3 10. Bxf3 a6 11. Bh6 Nd4 12. Bg2 Ne6 13. Bh3 Nd7 14. Nd5 Nd4 15. Bxg7 Nf3+ 16. Kh1 Nxd2 17. Rfd1 Kxg7 18. Rxd2 e6 19. Ne3 Qa5 20. Re2 Qb4 21. b3 Qd4 22. Rb1 Ne5 23. Bg2 c4 24. bxc4 b5 25. cxb5 axb5 26. Ree1 Rfc8 27. Rbc1 Rxa2 28. Re2 Ra1 29. Ree1 Rca8 30. h4 Rxc1 31. Rxc1 Ra1 32. Rxa1 Qxa1+ 33. Kh2 f5 34. Bh1 Ng4+ 35. Nxg4 fxg4 36. Bg2 Qb2 37. Bf1 Qxc2 0-1

[Event "AUT-ch U08 Girls"]
[Site "St Veit"]
[Date "2016.05.28"]
[Round "6.3"]
[White "Busta, Luisa"]
[Black "Giselbrecht, Leefke"]
[Result "0-1"]
[WhiteElo "800"]
[BlackElo "838"]
[PlyCount "40"]
[EventDate "2016.05.27"]
[EventType "swiss"]
[EventRounds "7"]
[EventCountry "AUT"]
[SourceTitle "EXT 2024"]
[Source "ChessBase"]
[SourceDate "2023.10.10"]
[SourceVersion "1"]
[SourceVersionDate "2023.10.10"]
[SourceQuality "1"]

1. e4 e5 2. Nf3 Nc6 3. Bc4 Nf6 4. Nc3 Bc5 5. d3 0-0 6. Bg5 d6 7. Nd5 h6 8. Bxf6 gxf6 9. 0-0 Kh8 10. a3 Rg8 11. b4 Bb6 12. Nxb6 axb6 13. Bxf7 Rf8 14. Bb3 Qe7 15. Nh4 Qg7 16. Nf5 Qg6 17. Ne7 Nxe7 18. d4 d5 19. exd5 Rg8 20. dxe5 Qxg2# 0-1